00241nam a2200097Ia 4500008004100000100002000041245002600061260003200087942000700119999001700126190216s9999||||xx |||||||||||||| ||und|| aKarel Garrisan 0aEducationalphsycology bVakils Feffer & Simons Pvt. cBK c19552d19552